Pays commençant par A - Statistiques

Statistiques générales
  • Ce quiz a été pris 373 fois
    267 depuis la dernière actualisation
  • Le résultat moyen est 11 sur 14
Statistiques - réponses
Continent Réponse % Correct
Océanie Australie
91%
L'Europe Albanie
87%
L'Europe Allemagne
82%
Afrique Angola
82%
Amérique du Sud Argentine
82%
L'Europe Autriche
82%
Afrique Algérie
80%
L'Europe Andorre
78%
Asie Afghanistan
76%
L'Europe Arménie
76%
Afrique Afrique du Sud
69%
Asie Azerbaïdjan
69%
Asie Arabie Saoudite
63%
Amérique du Nord Antigua-et-Barbuda
61%
Aucun quiz correspondant
Distribution des résultats
% des personnes avec chaque résultat
Percentile par nombre de réponses
Votre historique - résultats
Vous n’avez pas pris ce quiz depuis la dernière actualisation